Continuity and change in late Byzantine and early Ottoman society : papers given at a symposium at Dumbarton Oaks in May 1982
Saved in:
| Other Authors: | , |
|---|---|
| Format: | Book |
| Language: | English |
| Published: |
Birmingham :
University of Birmingham Press,
1986
|
| Subjects: | |
| Tags: |
Add Tag
No Tags, Be the first to tag this record!
|
MARC
| LEADER | 00000cam a2200000 i 4500 | ||
|---|---|---|---|
| 001 | 1/6449 | ||
| 008 | 960705s1986 eng d | ||
| 020 | |a 0-7044-0748-5 | ||
| 035 | |l 10016356 | ||
| 040 | |a GR-MY-UA |b gre |e aacr | ||
| 041 | 0 | |a eng | |
| 082 | 0 | |a 938.37 | |
| 245 | 1 | 0 | |a Continuity and change in late Byzantine and early Ottoman society : |b papers given at a symposium at Dumbarton Oaks in May 1982 / |c Edited by Anthony Bryer and Heath Lowry |
| 260 | |a Birmingham : |b University of Birmingham Press, |c 1986 | ||
| 300 | |a vii, 343 p.; |b ill.; |c 21 cm | ||
| 504 | |a Includes bibliographical references and index | ||
| 651 | 0 | |a Byzantine Empire |x History |y 1081-1453 |x Congresses. | |
| 651 | 0 | |a Turkey |x History |y Ottoman Empire, 1288-1918 |x Congresses. | |
| 700 | 1 | |a Bryer, Anthony. |4 edt | |
| 700 | 1 | |a Lowry, Heath W., |d 1942- |4 edt | |
| 852 | |a INST |b LESVOS |e 19960705 |h 938.37 CON |p 005100008165 |q 005100008165 |t BK |y 0 | ||
| 909 | |a Λ |b 018581 | ||